00316 a2200133 450000100060000002000150000604000240002110000180004524000420006324500370010530000070014236200090014965000240015868774 a8586295078 cAnchieta - Itaigara aGuedes, Hardy10aO pobre homem mais rico do mundolpor10aO pobre homem mais rico do mundo a240 a1997 4aLiteratura infantil